| 000 | 00527nam a2200181Ia 4500 | ||
|---|---|---|---|
| 005 | 20221116115430.0 | ||
| 008 | 131103s9999 xx 000 0 und d | ||
| 020 |
_aSBN :195616537 _cRs.135 |
||
| 040 | _aLoreto College | ||
| 041 | _aEnglish | ||
| 082 |
_a954.03 _bGUH |
||
| 245 |
_aSubaltern Studies III _b writings on South Asian history and society _cedited by Ranajit Guha |
||
| 260 |
_aDelhi _bOxford University Press _c1984 |
||
| 300 | _ax,327 p. | ||
| 650 | _aIndia - Modern History | ||
| 850 | _aLCLIB | ||
| 942 | _cBK | ||
| 999 |
_c9768 _d60247 |
||